000
00299nam a22001337a 4500
008
181012b xxu||||| |||| 00| 0 eng d
020
_a
9780071545990
041
_a
eng
080
_a
159.9
100
_a
49
101
_a
PSI
245
_a
Statistics in Psychology
_c
Stephens, L.J
942
_2
udc
_c
BK
999
_c
49537
_d
49537